Apollo Engineering v James Scott Limited (Record no. 80529)

MARC details
000 -LEADER
fixed length control field 02208cad a22002775a 4500
001 - CONTROL NUMBER
control field E144630
008 - FIXED-LENGTH DATA ELEMENTS--GENERAL INFORMATION
fixed length control field 080801e20080307stk v 000 0 eng d
035 ## - SYSTEM CONTROL NUMBER
System control number (Sirsi) u144630
041 0# - LANGUAGE CODE
Language code of text/sound track or separate title eng
245 00 - TITLE STATEMENT
Title Apollo Engineering v James Scott Limited
Medium [electronic resource]
260 ## - PUBLICATION, DISTRIBUTION, ETC.
Date of publication, distribution, etc. 2008
520 ## - SUMMARY, ETC.
Summary, etc. [2008] CSOH 39, 7 March 2008. A, the petitioner, was subcontractor to the respondent, J, and was responsible for the installation of pipework on a floating jetty. Following disputes, the two parties went to arbitration in 2005. In September 2006, following a lengthy amendment to A's case, the arbiter advised that A would be responsible for the costs of the amendment procedure. The arbiter also allowed the appointment of senior counsel and skilled witnesses on behalf of J, the cost of which was to be met by A, and in May 2007 issued a final draft award indicating that most of A's case would be dismissed due to lack of relevancy. A applied for judicial review. Held: petition dismissed. The award of expenses is incidental to an arbiter's award, and does not form part of the award; an arbiter does have an implied power to grant part awards; and an arbiter is within his rights to dismiss part of a claimant's case due to lack of relevancy: it does not come within the remit of a judicial review to consider the merits of such a decision.
590 ## - LOCAL NOTE (RLIN)
Local note KA
650 24 - SUBJECT ADDED ENTRY--TOPICAL TERM
Topical term or geographic name entry element ROBERT BROWN AND SON LTD V ASSOCIATED FIRECLAY COMPANIES LTD
650 24 - SUBJECT ADDED ENTRY--TOPICAL TERM
Topical term or geographic name entry element APC LTD V AMEY CONSTRUCTION LTD AND OTHERS
650 24 - SUBJECT ADDED ENTRY--TOPICAL TERM
Topical term or geographic name entry element FARRANS (CONSTRUCTION) LTD V DUNFERMLINE DISTRICT COUNCIL
650 24 - SUBJECT ADDED ENTRY--TOPICAL TERM
Topical term or geographic name entry element GRAMPIAN REGIONAL COUNCIL V JOHN G MCGREGOR (CONTRACTORS) LTD
650 24 - SUBJECT ADDED ENTRY--TOPICAL TERM
Topical term or geographic name entry element POLLICH V HEATLEY
650 24 - SUBJECT ADDED ENTRY--TOPICAL TERM
Topical term or geographic name entry element TAYLOR WOODROW CONSTRUCTION (SCOTLAND) LTD V SEARS INVESTMENT TRUST LTD
650 24 - SUBJECT ADDED ENTRY--TOPICAL TERM
Topical term or geographic name entry element LYLE V FALCONER
650 24 - SUBJECT ADDED ENTRY--TOPICAL TERM
Topical term or geographic name entry element APOLLO ENGINEERING V JAMES SCOTT LTD
651 #4 - SUBJECT ADDED ENTRY--GEOGRAPHIC NAME
Geographic name Scotland
Chronological subdivision 1999-
690 ## - LOCAL SUBJECT ADDED ENTRY--TOPICAL TERM (OCLC, RLIN)
Topical term or geographic name as entry element MANAGEMENT-DISPUTE AVOIDANCE, MANAGEMENT AND RESOLUTION-DISPUTE MANAGEMENT AND RESOLUTION-ARBITRATION
856 40 - ELECTRONIC LOCATION AND ACCESS
Uniform Resource Identifier <a href="https://www.bailii.org/cgi-bin/markup.cgi?doc=/scot/cases/ScotCS/2008/CSOH_39.html&query=apollo&method=boolean">https://www.bailii.org/cgi-bin/markup.cgi?doc=/scot/cases/ScotCS/2008/CSOH_39.html&query=apollo&method=boolean</a>
Public note View the judgement free of charge at www.bailii.org...
942 ## - ADDED ENTRY ELEMENTS (KOHA)
Suppress in OPAC 0
Holdings
Withdrawn status Lost status Source of classification or shelving scheme Damaged status Not for loan Home library Current library Shelving location Date acquired Total Checkouts Full call number Barcode Date last seen Copy number Price effective from Koha item type
    Dewey Decimal Classification     Virtual Virtual Online 01/08/2008   ONLINE PUBLICATION 144630-2001 06/08/2019 1 06/08/2019 Law report